Normal view
MARC view
- بله، فكتور ؛ م.مشارك تيسير النهار
Entry Personal Name
001 - CONTROL NUMBER
- control field: 57087
003 - CONTROL NUMBER IDENTIFIER
- control field: JO-AjAnu
005 - DATE AND TIME OF LATEST TRANSACTION
- control field: 20230606083342.0
008 - FIXED-LENGTH DATA ELEMENTS
- fixed length control field: 230606|| aca||aabn | a|a d
040 ## - CATALOGING SOURCE
- Original cataloging agency: JO-AjAnu
- Transcribing agency: JO-AjAnu
100 ## - HEADING--PERSONAL NAME
- Personal name: بله، فكتور ؛ م.مشارك تيسير النهار
670 ## - SOURCE DATA FOUND
- Source citation: Work cat.: (JO-AjAnu)29129: بله، فكتور ؛ م.مشارك تيسير النهار, author, كيفية إنشاء نظم إدارة المعلومات التربوية